| 000 | 00454pab a2200181 454500 | ||
|---|---|---|---|
| 008 | 180718b2012 xxu||||| |||| 00| 0 eng d | ||
| 100 | _aGlenn, Ted | ||
| 245 | _aThe state of talent management in Canada's public sector | ||
| 260 | _c2012 | ||
| 300 | _ap.25-51. | ||
| 362 | _aMar | ||
| 650 | _aPublic sector - Canada | ||
| 650 | _aTalent - Canada | ||
| 650 | _aTalent | ||
| 773 | _aCanadian Public Administration | ||
| 908 | _aN | ||
| 909 | _a96739 | ||
| 999 |
_c96739 _d96739 |
||